00710nam a22002057a 4500003000900000005001700009007000300026008004100029040002500070082000700095110009400102245006600196260003300262300002700295590002600322910001500348942001400363952011000377999001700487DO-SdBNP20221019142625.0ta221019b2001 dr a|||| |||| 00| 0 spa d aDO-SdBNPbspacBNPHU 42221 aConferencia del episcopado dominicanobComisión episcopal nacional de catequesis95635910aSeguimos a Jesús. :bcatequesis de iniciación cristiana 2 aSanto Domingo :bMSC,c2001. a79 p. :bil. ;c28 cm. aInventariado, 2022/BT aBtavárez 2ddccLBS1 00102ddc51708PDaBNPHUbBNPHUcCTd2022-10-19eDonaciónl0p2022-4412r2022-10-19w2022-10-19yLBS1 c52584d52584